000 00406nam a22001217a 4500
008 230612b xxu||||| |||| 00| 0 eng d
082 _a354.62
_bGOK
100 _cGovernment of Kenya
245 _aTreasury Memorandum on Public Accounts Committee Reports For the years 2004-2006
_bOffice of the Deputy Prime Minister and Ministry of Finance
260 _aKenya
_bGOK
_c2006
300 _a293p
942 _2ddc
_cBK
999 _c1054
_d1054